|
|
|
|
| LEADER |
01909nam a2200505 a 4500 |
| 001 |
nkc20102029894 |
| 003 |
CZ PrNK |
| 005 |
20100504093707.0 |
| 007 |
ta |
| 008 |
100120s2009 xr a f 000 0 cze |
| 015 |
|
|
|a cnb002029894
|
| 020 |
|
|
|a 978-80-245-1615-8
|q (brož.)
|
| 035 |
|
|
|a (OCoLC)614277871
|
| 040 |
|
|
|a BOA001
|b cze
|d ABA001
|
| 041 |
0 |
|
|a cze
|b eng
|
| 072 |
|
7 |
|a 33
|x Ekonomie
|2 Konspekt
|9 4
|
| 080 |
|
|
|a 330.101
|2 MRF
|
| 080 |
|
|
|a 339.13
|2 MRF
|
| 080 |
|
|
|a 366.5
|2 MRF
|
| 080 |
|
|
|a (048.8)
|2 MRF
|
| 100 |
1 |
|
|a Švarc, Zbyněk,
|d 1950-
|7 xx0009447
|4 aut
|
| 245 |
1 |
0 |
|a Informační asymetrie a tržní selhání /
|c Zbyněk Švarc, Jiří Zeman
|
| 260 |
|
|
|a Praha :
|b Oeconomica,
|c 2009
|
| 300 |
|
|
|a 21 s. :
|b il. ;
|c 25 cm
|
| 490 |
1 |
|
|a Faculty of International Relations Working papers,
|x 1802-6591 ;
|v vol. III, 11/2009
|
| 500 |
|
|
|a Na obálce název edice: Working papers Fakulty mezinárodních vztahů ; též edice česky: Recenzované studie / Vysoká škola ekonomická v Praze
|
| 504 |
|
|
|a Obsahuje bibliografii
|
| 546 |
|
|
|a Anglické resumé
|
| 550 |
|
|
|a Vydavatel: Vysoká škola ekonomická v Praze
|
| 650 |
0 |
7 |
|a asymetrické informace
|7 ph556252
|2 czenas
|
| 650 |
0 |
7 |
|a trhy
|7 ph116484
|2 czenas
|
| 650 |
0 |
7 |
|a ochrana spotřebitele
|7 ph123665
|2 czenas
|
| 650 |
0 |
9 |
|a asymmetric information
|2 eczenas
|
| 650 |
0 |
9 |
|a markets
|2 eczenas
|
| 650 |
0 |
9 |
|a consumer protection
|2 eczenas
|
| 655 |
|
7 |
|a studie
|7 fd133597
|2 czenas
|
| 655 |
|
9 |
|a studies
|2 eczenas
|
| 700 |
1 |
|
|a Zeman, Jiří
|7 ola2006319188
|4 aut
|
| 710 |
2 |
|
|a Vysoká škola ekonomická v Praze
|7 kn20010709403
|
| 810 |
2 |
|
|a Vysoká škola ekonomická v Praze.
|b Fakulta mezinárodních vztahů.
|t Working papers
|0 s
|
| 910 |
2 |
|
|a BOA001
|b 3-1236.137
|
| 990 |
|
|
|a BK
|
| 995 |
|
|
|a 01
|
| 991 |
|
|
|b 201002
|c NOV
|
| 996 |
6 |
|
|b 2610409876
|c 3-1236.137
|l MZK
|r Sklad / do 1 hodiny
|n 14
|p p.v.
|w 001106042
|u 000010
|a 1
|e BOA001
|j MZK50
|s P
|